[Event "4NCL/Div3/WWKS vs. CAMB2"]
[Site "Sunningdale ENG"]
[Date "2008.05.04"]
[Round "10.8"]
[White "Owens, Megan"]
[Black "Stepanyan, Astghik"]
[Result "0-1"]
[WhiteElo "1772"]
[BlackElo "1745"]
[PlyCount "56"]
[EventDate "2008.05.04"]
[EventType "team"]
[EventRounds "11"]
[EventCountry "ENG"]
[SourceDate "2007.09.15"]

1. d4 d5 2. c4 e6 3. Nc3 Nf6 4. cxd5 exd5 5. Bg5 Be7 6. e3 O-O 7. Qc2 h6 8. h4
Nc6 9. a3 Re8 10. Nf3 a6 11. Be2 Be6 12. Nd2 Qd7 13. Bxf6 Bxf6 14. O-O-O b5 15.
Nxb5 Bf5 16. e4 dxe4 17. g4 Bxg4 18. Bxg4 Qxg4 19. Qxc6 axb5 20. Rdg1 Qf4 21.
Kb1 b4 22. Nc4 bxa3 23. Nxa3 Bxd4 24. Rc1 Reb8 25. Nc4 Qxf2 26. Rc2 Ra1+ 27.
Kxa1 Qxc2 28. Rb1 Bxb2+ 0-1

[Event "4NCL/Div3/MIN vs. NWE2"]
[Site "Sunningdale ENG"]
[Date "2008.05.04"]
[Round "10.1"]
[White "Almond, Richard"]
[Black "Jaunooby, Ali"]
[Result "0-1"]
[WhiteElo "2144"]
[BlackElo "2154"]
[PlyCount "72"]
[EventDate "2008.05.04"]
[EventType "team"]
[EventCountry "ENG"]
[SourceDate "2007.09.15"]

1. d4 g6 2. Nf3 Bg7 3. c4 c5 4. d5 e5 5. e4 d6 6. Bd3 Ne7 7. O-O O-O 8. Nc3 f5
9. Rb1 a5 10. b3 h6 11. a3 Na6 12. Ne1 f4 13. f3 Kh8 14. Nc2 Ng8 15. Bd2 Nf6
16. Be1 Nh5 17. Bf2 Qg5 18. Re1 Qe7 19. b4 axb4 20. axb4 Bf6 21. Qd2 Bh4 22.
Bxh4 Qxh4 23. Qf2 Qe7 24. Bf1 g5 25. Ra1 g4 26. fxg4 Bxg4 27. b5 Nc7 28. Rxa8
Nxa8 29. Be2 f3 30. Rf1 Rg8 31. Bxf3 Nf4 32. Kh1 Bxf3 33. gxf3 Rg2 34. Qxg2
Nxg2 35. Kxg2 Qg5+ 36. Kh1 Qd2 0-1

[Event "4NCL/Div3/MIN vs. NWE2"]
[Site "Sunningdale ENG"]
[Date "2008.05.04"]
[Round "10.2"]
[White "Bowmer, Kevin"]
[Black "Parker, Robert"]
[Result "0-1"]
[WhiteElo "2120"]
[BlackElo "2089"]
[PlyCount "70"]
[EventDate "2008.05.04"]
[EventType "team"]
[EventCountry "ENG"]
[SourceDate "2007.09.15"]

1. e4 e5 2. Nf3 Nc6 3. Bb5 a6 4. Ba4 Nf6 5. O-O Be7 6. Re1 b5 7. Bb3 d6 8. c3
O-O 9. d4 Bg4 10. d5 Nb8 11. h3 Bxf3 12. Qxf3 c6 13. dxc6 Nxc6 14. Nd2 Rc8 15.
Nf1 Nd7 16. Rd1 Na5 17. Ne3 g6 18. Nd5 Nc4 19. Bc2 Bg5 20. Bxg5 Qxg5 21. b3 Na3
22. Bd3 a5 23. Qe2 Rb8 24. Qb2 Nc4 25. Qe2 Na3 26. Qb2 Nc4 27. bxc4 bxc4 28.
Qa3 cxd3 29. Qxd6 Rb7 30. Rxd3 Qh4 31. Qc6 Rfb8 32. Rad1 Kg7 33. Nc7 Nf6 34.
Na6 Rb2 35. g3 Qxh3 0-1

[Event "4NCL/Div3/MIN vs. NWE2"]
[Site "Sunningdale ENG"]
[Date "2008.05.04"]
[Round "10.3"]
[White "Ackley, Peter"]
[Black "Burke, John"]
[Result "1/2-1/2"]
[WhiteElo "2132"]
[BlackElo "2071"]
[PlyCount "47"]
[EventDate "2008.05.04"]
[EventType "team"]
[EventCountry "ENG"]
[SourceDate "2007.09.15"]

1. Nf3 d6 2. d4 g6 3. Nc3 Bg7 4. e4 Nf6 5. h3 c6 6. a4 a5 7. Be3 O-O 8. g4 Qc7
9. Bg2 e5 10. dxe5 dxe5 11. Nd2 Be6 12. Qe2 Re8 13. Nc4 Nbd7 14. O-O Bf8 15.
Rfd1 Nc5 16. f3 Red8 17. Bf1 Bxc4 18. Qxc4 Ne6 19. Rxd8 Rxd8 20. Rd1 Rxd1 21.
Nxd1 Qd6 22. Qd3 Nd7 23. Qxd6 Bxd6 24. Bc4 1/2-1/2

[Event "4NCL/Div3/MIN vs. NWE2"]
[Site "Sunningdale ENG"]
[Date "2008.05.04"]
[Round "10.4"]
[White "Tasker, Michael W"]
[Black "Hardman, Michael J"]
[Result "1/2-1/2"]
[WhiteElo "2060"]
[BlackElo "2106"]
[PlyCount "111"]
[EventDate "2008.05.04"]
[EventType "team"]
[EventCountry "ENG"]
[SourceDate "2007.09.15"]

1. Nf3 d5 2. d4 Nc6 3. Bf4 Nf6 4. e3 e6 5. c4 dxc4 6. Bxc4 Bd6 7. Bg5 Be7 8.
Nc3 Nd5 9. Bxe7 Ncxe7 10. Rc1 Nxc3 11. Rxc3 Nd5 12. Rc1 O-O 13. O-O b6 14. Bxd5
Qxd5 15. Rxc7 Qxa2 16. Ne5 Ba6 17. Qa1 Qa5 18. Qxa5 bxa5 19. Rfc1 f6 20. Nc6
Rf7 21. Nxa5 Rxc7 22. Rxc7 Rb8 23. b3 Rb5 24. Rc5 Kf7 25. Rxb5 Bxb5 26. f3 Ke7
27. Kf2 Kd7 28. e4 Kc7 29. Ke3 Ba6 30. Nc4 Kc6 31. Kd3 Bc8 32. Kc3 h5 33. Kb4
g5 34. Na5+ Kb6 35. Nc4+ Kc6 36. g3 Bd7 37. Na5+ Kb6 38. Nc4+ Kc6 39. f4 gxf4
40. gxf4 Bc8 41. Ne3 Bd7 42. h4 Kd6 43. e5+ fxe5 44. dxe5+ Kc6 45. Kc4 Bc8 46.
Nc2 Ba6+ 47. Kd4 Bc8 48. Nb4+ Kb5 49. Nd3 a5 50. Kc3 Bb7 51. Kd4 Bc8 52. Kc3
Bb7 53. f5 exf5 54. Nf4 Kc5 55. e6 Kd6 56. Nxh5 1/2-1/2

[Event "4NCL/Div3/MIN vs. NWE2"]
[Site "Sunningdale ENG"]
[Date "2008.05.04"]
[Round "10.5"]
[White "James, Stephen B"]
[Black "Morrison, Lynne"]
[Result "1/2-1/2"]
[WhiteElo "2018"]
[BlackElo "1933"]
[PlyCount "89"]
[EventDate "2008.05.04"]
[EventType "team"]
[EventCountry "ENG"]
[SourceDate "2007.09.15"]

1. e4 c5 2. Nf3 d6 3. d4 cxd4 4. Nxd4 Nf6 5. Nc3 e6 6. g4 a6 7. g5 Nfd7 8. Be3
Be7 9. h4 b5 10. a3 Bb7 11. Qh5 Nc5 12. Bg2 Qc7 13. O-O-O Nc6 14. f4 g6 15. Qe2
O-O-O 16. Kb1 Kb8 17. Nxc6+ Bxc6 18. Rhe1 Qb7 19. Bd4 Rhe8 20. Bh1 Rc8 21. Qf2
b4 22. axb4 Qxb4 23. Bxc5 dxc5 24. e5 Bxh1 25. Rxh1 Red8 26. Qf3 Ka7 27. Qe4
Rb8 28. Qxb4 cxb4 29. Ne4 a5 30. b3 Kb6 31. Kb2 Kb5 32. h5 gxh5 33. Rxd8 Rxd8
34. Rxh5 Rd4 35. Nf6 Rxf4 36. Rxh7 Bc5 37. Rxf7 Bd4+ 38. Kc1 Bc3 39. Kd1 Rf1+
40. Ke2 Re1+ 41. Kd3 Rxe5 42. g6 Rg5 43. g7 Bxf6 44. Rxf6 Rxg7 45. Rxe6 1/2-1/2

[Event "4NCL/Div3/MIN vs. NWE2"]
[Site "Sunningdale ENG"]
[Date "2008.05.04"]
[Round "10.6"]
[White "Tandi, Ed"]
[Black "Hawkins, Nick"]
[Result "1/2-1/2"]
[WhiteElo "1910"]
[BlackElo "2007"]
[PlyCount "56"]
[EventDate "2008.05.04"]
[EventType "team"]
[EventCountry "ENG"]
[SourceDate "2007.09.15"]

1. d4 Nf6 2. Nf3 d5 3. c4 e6 4. Bg5 Be7 5. e3 O-O 6. Nbd2 b6 7. Be2 Bb7 8. a3
c5 9. O-O Nbd7 10. Rc1 Re8 11. Qa4 a6 12. cxd5 exd5 13. Qc2 Ne4 14. Bxe7 Qxe7
15. Nxe4 dxe4 16. Nd2 cxd4 17. Qc7 dxe3 18. fxe3 Nf6 19. Qxb6 Nd5 20. Qd4 Rad8
21. Bc4 Nf6 22. Qc3 Rc8 23. Qb3 Red8 24. Nb1 Rd7 25. Nc3 Rcd8 26. Rcd1 Rxd1 27.
Rxd1 Rxd1+ 28. Qxd1 h6 1/2-1/2

[Event "4NCL/Div3/MIN vs. NWE2"]
[Site "Sunningdale ENG"]
[Date "2008.05.04"]
[Round "10.8"]
[White "Tsoukalas, Angelos"]
[Black "Robson, Caroline"]
[Result "1-0"]
[WhiteElo "1785"]
[BlackElo "1680"]
[PlyCount "69"]
[EventDate "2008.05.04"]
[EventType "team"]
[EventCountry "ENG"]
[SourceDate "2007.09.15"]

1. d4 Nf6 2. c4 g6 3. Nc3 Bg7 4. e4 d6 5. Bg5 O-O 6. f4 h6 7. Bh4 c6 8. Nf3 Qb6
9. Qd2 Re8 10. h3 Nbd7 11. O-O-O a5 12. e5 dxe5 13. fxe5 Nh7 14. Bd3 e6 15. Ne4
a4 16. Nd6 Rf8 17. Be7 a3 18. Bxf8 Bxf8 19. b3 Ng5 20. c5 Nxc5 21. dxc5 Qxc5+
22. Qc2 Qe3+ 23. Qd2 Qc5+ 24. Bc2 Nxf3 25. gxf3 Qxe5 26. Qd4 Qg5+ 27. f4 Qe7
28. Rhg1 Bg7 29. Qe4 Qf6 30. Nxf7 Qb2+ 31. Kd2 Ra5 32. Qxg6 Qc3+ 33. Ke2 Rc5
34. Nxh6+ Kf8 35. Qf7# 1-0

[Event "4NCL/Div3/WES2 vs. PAND"]
[Site "Sunningdale ENG"]
[Date "2008.05.04"]
[Round "10.1"]
[White "Pleasants, Allan J"]
[Black "Mannion, Stephen"]
[Result "0-1"]
[WhiteElo "2095"]
[BlackElo "2361"]
[PlyCount "102"]
[EventDate "2008.05.04"]
[EventType "team"]
[EventRounds "11"]
[EventCountry "ENG"]
[SourceDate "2007.09.15"]

1. e4 e5 2. Nf3 Nc6 3. Bb5 a6 4. Ba4 Nf6 5. O-O Be7 6. Re1 b5 7. Bb3 d6 8. h3
Na5 9. c3 Nxb3 10. Qxb3 c5 11. d4 Qc7 12. Bg5 O-O 13. Nbd2 Be6 14. d5 Bd7 15.
Qc2 h6 16. Bxf6 Bxf6 17. Nf1 g6 18. h4 Qd8 19. h5 gxh5 20. Ng3 h4 21. Nf5 Kh7
22. Nxd6 Rg8 23. Nf5 Bxf5 24. exf5 Qxd5 25. Qe4 Rad8 26. a4 b4 27. cxb4 cxb4
28. Rac1 Qxe4 29. Rxe4 a5 30. Rc6 Bg5 31. Rxe5 Rd1+ 32. Re1 Rgd8 33. Nxg5+ hxg5
34. Kf1 R1d5 35. f6 Kg6 36. Rec1 Re5 37. R6c5 Kxf6 38. Rc7 Rd2 39. R7c2 Rxc2
40. Rxc2 Kf5 41. f3 Ke6 42. Rc7 f5 43. f4 gxf4 44. Kf2 Kd6 45. Ra7 Rc5 46. Kf3
Kd5 47. Kxf4 Kc4 48. Rb7 Kb3 49. Rb5 Rc4+ 50. Kxf5 Kxa4 51. Re5 Rc2 0-1

[Event "4NCL/Div3/WES2 vs. PAND"]
[Site "Sunningdale ENG"]
[Date "2008.05.04"]
[Round "10.2"]
[White "Dilley, Jason M"]
[Black "Marsh, Roger"]
[Result "0-1"]
[WhiteElo "2163"]
[BlackElo "2088"]
[PlyCount "112"]
[EventDate "2008.05.04"]
[EventType "team"]
[EventRounds "11"]
[EventCountry "ENG"]
[SourceDate "2007.09.15"]

1. d4 g6 2. c4 Bg7 3. Nc3 d6 4. e4 Nc6 5. Be3 e5 6. d5 Nce7 7. g4 f5 8. gxf5
gxf5 9. Qh5+ Ng6 10. exf5 Qh4 11. Qxh4 Nxh4 12. Nb5 Kd8 13. Bh3 a6 14. Nc3 Nxf5
15. Bg5+ Bf6 16. Ne4 Bxg5 17. Nxg5 Ke7 18. Ne2 Nf6 19. f4 h6 20. fxe5 dxe5 21.
Nf3 Ne3 22. Bxc8 Rhxc8 23. Rc1 Kd6 24. Ng3 Rf8 25. Ke2 e4 26. Nh4 Neg4 27.
Ngf5+ Kd7 28. Ng6 Rg8 29. Nf4 Rg5 30. Nd4 Ne5 31. Nde6 Rg4 32. c5 Rag8 33. c6+
bxc6 34. dxc6+ Ke7 35. Rhd1 Nd3 36. Nxd3 exd3+ 37. Rxd3 Kxe6 38. Re3+ Re4 39.
Rxe4+ Nxe4 40. Ke3 Nd6 41. Rc2 Rg4 42. b3 Nf5+ 43. Kd3 Rd4+ 44. Kc3 Rd6 45. Kb4
Nd4 46. Rg2 Nxc6+ 47. Kc5 Ne7 48. Re2+ Kf6 49. Rf2+ Nf5 50. b4 Ke6 51. a4 Ne7
52. Re2+ Kd7 53. b5 a5 54. Re4 Rd5+ 55. Kc4 Rh5 56. Rd4+ Kc8 0-1

[Event "4NCL/Div3/WES2 vs. PAND"]
[Site "Sunningdale ENG"]
[Date "2008.05.04"]
[Round "10.3"]
[White "Taylor-Bowd, Phil"]
[Black "Stone, Andrew"]
[Result "1/2-1/2"]
[WhiteElo "2048"]
[BlackElo "2228"]
[PlyCount "58"]
[EventDate "2008.05.04"]
[EventType "team"]
[EventRounds "11"]
[EventCountry "ENG"]
[SourceDate "2007.09.15"]

1. e4 e6 2. d4 d5 3. Nd2 Nc6 4. Ngf3 Nf6 5. e5 Nd7 6. Nb3 Be7 7. c3 f6 8. exf6
Bxf6 9. Bd3 e5 10. dxe5 Ndxe5 11. Nxe5 Nxe5 12. Be2 O-O 13. O-O c6 14. Be3 b6
15. a4 c5 16. f4 Nc6 17. Bf3 Ne7 18. Bf2 Bb7 19. Re1 Qc7 20. a5 Kh8 21. g3 Rad8
22. axb6 axb6 23. Nc1 d4 24. cxd4 Bxd4 25. Bxd4 Rxd4 26. Qe2 Nc6 27. Nd3 Rdd8
28. Qe4 Na5 29. Qe5 Qxe5 1/2-1/2

[Event "4NCL/Div3/WES2 vs. PAND"]
[Site "Sunningdale ENG"]
[Date "2008.05.04"]
[Round "10.4"]
[White "Walton, Alan J"]
[Black "Kemp, Paul M"]
[Result "1/2-1/2"]
[WhiteElo "2217"]
[BlackElo "2039"]
[PlyCount "38"]
[EventDate "2008.05.04"]
[EventType "team"]
[EventRounds "11"]
[EventCountry "ENG"]
[SourceDate "2007.09.15"]

1. d4 Nf6 2. Bg5 e6 3. e4 h6 4. Bxf6 Qxf6 5. Nc3 Bb4 6. Qd2 b6 7. a3 Bxc3 8.
bxc3 Bb7 9. Bd3 O-O 10. Ne2 d6 11. O-O Nd7 12. f4 Qe7 13. Ng3 c5 14. Qe2 Rac8
15. e5 c4 16. Bxc4 dxe5 17. fxe5 Nxe5 18. Qxe5 Rxc4 19. Ne2 Rd8 1/2-1/2

[Event "4NCL/Div3/WES2 vs. PAND"]
[Site "Sunningdale ENG"]
[Date "2008.05.04"]
[Round "10.5"]
[White "Gregory, Keith D"]
[Black "Cumbers, Paul"]
[Result "0-1"]
[WhiteElo "2087"]
[BlackElo "2156"]
[PlyCount "68"]
[EventDate "2008.05.04"]
[EventType "team"]
[EventRounds "11"]
[EventCountry "ENG"]
[SourceDate "2007.09.15"]

1. Nf3 Nf6 2. g3 d5 3. Bg2 c6 4. O-O Bg4 5. d4 Nbd7 6. Nbd2 e6 7. c4 Be7 8. b3
O-O 9. Bb2 b5 10. h3 Bh5 11. Qc1 bxc4 12. bxc4 Qa5 13. c5 h6 14. Re1 Bg6 15.
Nb3 Qa4 16. Nfd2 Ne8 17. e4 Bf6 18. f4 Nc7 19. g4 Nb5 20. f5 Bh7 21. e5 Bg5 22.
Qc2 Bxd2 23. Qxd2 exf5 24. e6 Nf6 25. exf7+ Rxf7 26. Re6 Nc7 27. Ree1 fxg4 28.
Qa5 Qc4 29. Rac1 Qd3 30. Rc3 Qg6 31. Rce3 gxh3 32. Rxh3 Nh5 33. Bc1 Raf8 34.
Qc3 Rf2 0-1

[Event "4NCL/Div3/WES2 vs. PAND"]
[Site "Sunningdale ENG"]
[Date "2008.05.04"]
[Round "10.6"]
[White "Coates, David"]
[Black "Tunks, Dominic"]
[Result "1-0"]
[WhiteElo "2050"]
[BlackElo "1936"]
[PlyCount "78"]
[EventDate "2008.05.04"]
[EventType "team"]
[EventRounds "11"]
[EventCountry "ENG"]
[SourceDate "2007.09.15"]

1. e4 c5 2. Nf3 d6 3. d4 cxd4 4. Nxd4 Nf6 5. Nc3 Nc6 6. Bg5 e6 7. Qd2 a6 8.
O-O-O Bd7 9. f3 Rc8 10. Nxc6 Bxc6 11. h4 b5 12. Ne2 Qc7 13. Nd4 Bd7 14. Bd3 Be7
15. g4 Qb7 16. Nb3 e5 17. h5 Be6 18. h6 g6 19. Kb1 O-O 20. Bxf6 Bxf6 21. g5 Be7
22. Rdf1 f6 23. f4 exf4 24. gxf6 Bxf6 25. Rxf4 Be5 26. Rff1 Qb6 27. Qg5 Rf2 28.
Rxf2 Qxf2 29. Rf1 Qa7 30. c3 Qc7 31. Nd4 Bc4 32. Qe3 b4 33. Qe2 Bxd3+ 34. Qxd3
bxc3 35. bxc3 Qxc3 36. Qxc3 Rxc3 37. Ne6 Rc8 38. a4 Re8 39. Nc7 Rf8 1-0

[Event "4NCL/Div3/WES2 vs. PAND"]
[Site "Sunningdale ENG"]
[Date "2008.05.04"]
[Round "10.7"]
[White "Coburn, Joe"]
[Black "Woolley, Jos"]
[Result "0-1"]
[WhiteElo "1945"]
[BlackElo "2101"]
[PlyCount "73"]
[EventDate "2008.05.04"]
[EventType "team"]
[EventRounds "11"]
[EventCountry "ENG"]
[SourceDate "2007.09.15"]

1. d4 Nf6 2. Nf3 h6 3. g3 g5 4. Nbd2 g4 5. Nh4 d6 6. Bg2 Bg7 7. c3 Nc6 8. Qc2
e6 9. e4 Nh7 10. f4 Bf6 11. Nf1 Bxh4 12. gxh4 Qxh4+ 13. Ng3 e5 14. Be3 Nf8 15.
O-O-O Ng6 16. dxe5 dxe5 17. Nf5 Bxf5 18. exf5 Nxf4 19. Bxf4 exf4 20. Bxc6+ bxc6
21. Qe4+ Kf8 22. Qe5 Rg8 23. f6 Rg6 24. Qc5+ Kg8 25. Qxc6 Rf8 26. Qxc7 Qxf6 27.
Qxa7 Qc6 28. Qd4 Ra8 29. Qxf4 Qe6 30. a3 Qb3 31. Rhf1 Rb8 32. Rf2 Re8 33. Qb4
Qa2 34. Rdf1 h5 35. c4 Rge6 36. Rxf7 Qa1+ 37. Kc2 0-1

[Event "4NCL/Div3/WES2 vs. PAND"]
[Site "Sunningdale ENG"]
[Date "2008.05.04"]
[Round "10.8"]
[White "Gallagher, Marie"]
[Black "Norman, Dinah"]
[Result "1/2-1/2"]
[WhiteElo "1730"]
[BlackElo "1965"]
[PlyCount "54"]
[EventDate "2008.05.04"]
[EventType "team"]
[EventRounds "11"]
[EventCountry "ENG"]
[SourceDate "2007.09.15"]

1. e4 c6 2. f4 d5 3. exd5 cxd5 4. d4 Nf6 5. Bd3 g6 6. Nf3 Bg7 7. c3 Nc6 8. O-O
Bf5 9. Ne5 Bxd3 10. Qxd3 e6 11. Nd2 O-O 12. Ndf3 Ne4 13. Ng5 Nxe5 14. dxe5 Nc5
15. Qe2 h6 16. Nf3 Rc8 17. Be3 a6 18. Nd4 Qe7 19. Qg4 h5 20. Qe2 Rfe8 21. Nf3
Nd7 22. Qd3 Rc7 23. Bf2 Rec8 24. Bh4 Qc5+ 25. Bf2 Qe7 26. Bh4 Qc5+ 27. Bf2 Qe7
1/2-1/2

[Event "4NCL/Div3/JUTK vs. SLOS2"]
[Site "Sunningdale ENG"]
[Date "2008.05.04"]
[Round "10.1"]
[White "Williams, Simon K"]
[Black "Cox, Tristan"]
[Result "1-0"]
[WhiteElo "2492"]
[BlackElo "2154"]
[PlyCount "57"]
[EventDate "2008.05.04"]
[EventType "team"]
[EventRounds "11"]
[EventCountry "ENG"]
[SourceDate "2007.09.15"]

1. d4 d5 2. c4 e6 3. Nc3 Bb4 4. Nf3 Nf6 5. Qa4+ Nc6 6. Bg5 h6 7. Bh4 g5 8. Bg3
Ne4 9. Rc1 h5 10. h4 Bxc3+ 11. bxc3 Nxg3 12. fxg3 g4 13. Nd2 Qd6 14. Kf2 Rh6
15. e4 Rf6+ 16. Ke2 Qxg3 17. cxd5 exd5 18. exd5 Rf2+ 19. Kd1 Qe3 20. Rc2 Bf5
21. dxc6 Bxc2+ 22. Qxc2 O-O-O 23. Bb5 b6 24. Re1 Qg3 25. Qa4 a5 26. Ne4 Qxg2
27. Nxf2 Qxf2 28. Bd3 Qf3+ 29. Kc2 1-0

[Event "4NCL/Div3/JUTK vs. SLOS2"]
[Site "Sunningdale ENG"]
[Date "2008.05.04"]
[Round "10.2"]
[White "Ruston, Mark R"]
[Black "Mack, Andy"]
[Result "0-1"]
[WhiteElo "2128"]
[BlackElo "2236"]
[PlyCount "109"]
[EventDate "2008.05.04"]
[EventType "team"]
[EventRounds "11"]
[EventCountry "ENG"]
[SourceDate "2007.09.15"]

1. e4 e5 2. Nf3 Nc6 3. d4 exd4 4. Nxd4 Bc5 5. Be3 Qf6 6. c3 Nge7 7. Bc4 Ne5 8.
Be2 Qg6 9. O-O d6 10. f3 O-O 11. Nd2 d5 12. Qb3 dxe4 13. Nxe4 Bb6 14. Bf2 c5
15. Qa3 Nd5 16. Nxc5 Nf4 17. Bg3 Nxe2+ 18. Nxe2 Nc4 19. Qb4 Ne3 20. Kh1 Nxf1
21. Rxf1 Bxc5 22. Qxc5 Qa6 23. Rf2 Re8 24. Ng1 Qxa2 25. h4 Be6 26. Kh2 Qd5 27.
Qxd5 Bxd5 28. Ne2 a5 29. Nd4 Bc6 30. Rd2 a4 31. Bd6 Rad8 32. Bb4 f6 33. Kg3 Kf7
34. Kf2 g6 35. Rd1 h5 36. Rd2 g5 37. hxg5 fxg5 38. Rd1 Kg6 39. Ba3 Bd5 40. Rd2
Bc4 41. Bb4 Rd5 42. Ba3 Rde5 43. Rd1 h4 44. Rh1 Re3 45. Rd1 Ba6 46. Rc1 Rd3 47.
Ra1 Rd2+ 48. Kg1 Bc4 49. Rc1 b5 50. Kh2 Bd3 51. Kg1 Kh5 52. Kh2 Bc4 53. Kh3 Re3
54. Kh2 Bd5 55. Kg1 0-1

[Event "4NCL/Div3/JUTK vs. SLOS2"]
[Site "Sunningdale ENG"]
[Date "2008.05.04"]
[Round "10.3"]
[White "Cooley, Chris"]
[Black "Linford, Charles"]
[Result "1-0"]
[WhiteElo "2272"]
[BlackElo "2129"]
[PlyCount "71"]
[EventDate "2008.05.04"]
[EventType "team"]
[EventRounds "11"]
[EventCountry "ENG"]
[SourceDate "2007.09.15"]

1. d4 Nf6 2. Nf3 e6 3. c4 b6 4. g3 Bb7 5. Bg2 Bb4+ 6. Kf1 O-O 7. c5 bxc5 8. a3
Ba5 9. dxc5 Bxf3 10. Bxf3 c6 11. Nd2 d5 12. cxd6 Qxd6 13. Qc2 Rd8 14. Ne4 Nxe4
15. Bxe4 f5 16. Bf3 h6 17. Bf4 e5 18. Qxf5 Nd7 19. Be3 Nf6 20. Rc1 Nd5 21. Bc5
Qf6 22. Qxf6 gxf6 23. Kg2 Bd2 24. Rc2 f5 25. Rxd2 Nf4+ 26. gxf4 Rxd2 27. fxe5
Kf7 28. Bxc6 Rc8 29. Be3 Rxb2 30. Bd5+ Ke7 31. Kf3 Rc3 32. Rg1 Rxa3 33. Rg7+
Kf8 34. Rf7+ Ke8 35. e6 a5 36. Bc6+ 1-0

[Event "4NCL/Div3/JUTK vs. SLOS2"]
[Site "Sunningdale ENG"]
[Date "2008.05.04"]
[Round "10.4"]
[White "Foster, James J"]
[Black "Harakis, Alexis"]
[Result "0-1"]
[WhiteElo "2091"]
[BlackElo "2220"]
[PlyCount "46"]
[EventDate "2008.05.04"]
[EventType "team"]
[EventRounds "11"]
[EventCountry "ENG"]
[SourceDate "2007.09.15"]

1. c4 e6 2. e4 e5 3. Nc3 Nc6 4. g3 Bc5 5. Bg2 d6 6. Nge2 h5 7. a3 a5 8. Nb5 Nf6
9. d4 exd4 10. Nexd4 Nxd4 11. Nxd4 Ng4 12. f4 Qf6 13. Nb5 Bf2+ 14. Kf1 Bb6 15.
h3 Ne5 16. Qb3 a4 17. Nxd6+ Qxd6 18. fxe5 Qd4 19. Qc2 Be6 20. Bf4 Bxc4+ 21. Ke1
Ba5+ 22. Bd2 Qe3+ 23. Kd1 O-O-O 0-1

[Event "4NCL/Div3/JUTK vs. SLOS2"]
[Site "Sunningdale ENG"]
[Date "2008.05.04"]
[Round "10.5"]
[White "Rice, Chris"]
[Black "Edgell, Ben P"]
[Result "1/2-1/2"]
[WhiteElo "2108"]
[BlackElo "2089"]
[PlyCount "34"]
[EventDate "2008.05.04"]
[EventType "team"]
[EventRounds "11"]
[EventCountry "ENG"]
[SourceDate "2007.09.15"]

1. c4 Nf6 2. g3 c5 3. Bg2 g6 4. Nc3 Bg7 5. d3 d6 6. Bg5 Nc6 7. Nf3 h6 8. Bd2
O-O 9. O-O Ne8 10. a3 Nc7 11. Rb1 a5 12. Ne1 Bd7 13. Nc2 Rb8 14. b4 axb4 15.
axb4 cxb4 16. Nxb4 Nxb4 17. Rxb4 b5 1/2-1/2

[Event "4NCL/Div3/JUTK vs. SLOS2"]
[Site "Sunningdale ENG"]
[Date "2008.05.04"]
[Round "10.6"]
[White "Purton, Ben J"]
[Black "Donovan, Nigel"]
[Result "1-0"]
[WhiteElo "2105"]
[BlackElo "2117"]
[PlyCount "61"]
[EventDate "2008.05.04"]
[EventType "team"]
[EventRounds "11"]
[EventCountry "ENG"]
[SourceDate "2007.09.15"]

1. e4 c5 2. Nf3 e6 3. c4 Nc6 4. Nc3 Nf6 5. d4 cxd4 6. Nxd4 Bb4 7. Nxc6 bxc6 8.
Bd3 O-O 9. O-O d5 10. cxd5 cxd5 11. e5 Nd7 12. f4 Bxc3 13. bxc3 Ba6 14. Be3
Bxd3 15. Qxd3 Qc7 16. Bd4 Rac8 17. Rae1 Nc5 18. Qh3 g6 19. g4 Ne4 20. f5 gxf5
21. gxf5 f6 22. exf6 e5 23. Qg4+ Kh8 24. Qg7+ Qxg7+ 25. fxg7+ Kxg7 26. Bxe5+
Kf7 27. Rb1 Rg8+ 28. Kh1 Nxc3 29. Rb7+ Ke8 30. f6 Rf8 31. f7+ {time} 1-0

[Event "4NCL/Div3/JUTK vs. SLOS2"]
[Site "Sunningdale ENG"]
[Date "2008.05.04"]
[Round "10.7"]
[White "Wilson, Alexandra"]
[Black "Russell, Chris"]
[Result "1-0"]
[WhiteElo "2044"]
[BlackElo "2054"]
[PlyCount "77"]
[EventDate "2008.05.04"]
[EventType "team"]
[EventRounds "11"]
[EventCountry "ENG"]
[SourceDate "2007.09.15"]

1. e4 e6 2. d4 d5 3. e5 Qd7 4. Nf3 b6 5. Bd3 Ba6 6. O-O Ne7 7. c3 h5 8. a4 Bxd3
9. Qxd3 Nbc6 10. Na3 Nf5 11. b4 Be7 12. Nc2 h4 13. h3 Rg8 14. Bg5 f6 15. exf6
gxf6 16. Bxh4 e5 17. dxe5 Nxh4 18. Nxh4 fxe5 19. b5 Na5 20. Qh7 Qe6 21. Nf5 Bf6
22. Ncd4 exd4 23. Rae1 Be5 24. Rxe5 Qxe5 25. Qxg8+ Kd7 26. Qxa8 Qxf5 27. cxd4
Qe4 28. Qh8 Nb3 29. Qe5 Qxd4 30. Qxd4 Nxd4 31. Rd1 Ne2+ 32. Kf1 Nc3 33. Rd3
Nxa4 34. Rxd5+ Ke6 35. Rh5 Nc5 36. Rxc5 bxc5 37. g4 c6 38. bxc6 a5 39. Ke1 1-0

[Event "4NCL/Div3/JUTK vs. SLOS2"]
[Site "Sunningdale ENG"]
[Date "2008.05.04"]
[Round "10.8"]
[White "Martin, Katie"]
[Black "Robertson, Mark"]
[Result "1/2-1/2"]
[WhiteElo "1906"]
[BlackElo "2080"]
[PlyCount "88"]
[EventDate "2008.05.04"]
[EventType "team"]
[EventRounds "11"]
[EventCountry "ENG"]
[SourceDate "2007.09.15"]

1. e4 d6 2. d4 Nf6 3. Nc3 g6 4. Bd3 Bg7 5. Nge2 e5 6. dxe5 dxe5 7. Bg5 c6 8.
O-O Nbd7 9. Bc4 O-O 10. a3 Qc7 11. Ng3 b5 12. Ba2 a6 13. Qe2 Re8 14. h3 Nf8 15.
Qf3 Qe7 16. Rfd1 Be6 17. Rd2 Bxa2 18. Nxa2 Ne6 19. Be3 Nd7 20. Nb4 Rec8 21. c3
Ndc5 22. Rad1 a5 23. Nc2 Rd8 24. Bxc5 Nxc5 25. Rxd8+ Rxd8 26. Ne3 a4 27. c4 Rd4
28. cxb5 cxb5 29. Nc2 Rxd1+ 30. Qxd1 Qd7 31. Qxd7 Nxd7 32. Kf1 Bh6 33. Ne2 Nc5
34. f3 Nd3 35. Nc3 Bc1 36. Nxb5 Bxb2 37. Ne3 Kf8 38. Nc4 Bc1 39. Nb6 Nb2 40.
Nd7+ Ke7 41. Nxe5 Ke6 42. Nc6 Nc4 43. Ncd4+ Ke5 44. Ne2 Bb2 1/2-1/2

[Event "4NCL/Div3/SWD2 vs. SLOS3"]
[Site "Sunningdale ENG"]
[Date "2008.05.04"]
[Round "10.1"]
[White "Smith, Jeffrey R"]
[Black "Kafka, Graeme"]
[Result "1-0"]
[WhiteElo "2200"]
[BlackElo "2112"]
[PlyCount "71"]
[EventDate "2008.05.04"]
[EventType "team"]
[EventRounds "11"]
[EventCountry "ENG"]
[SourceDate "2007.09.15"]

1. e4 c5 2. Nc3 Nc6 3. g3 g6 4. Bg2 Bg7 5. d3 d6 6. Be3 Rb8 7. Qd2 b5 8. Nge2
Nd4 9. O-O b4 10. Nd1 Bg4 11. f3 Bd7 12. c3 Nxe2+ 13. Qxe2 bxc3 14. bxc3 e6 15.
Qd2 Ne7 16. Bh6 O-O 17. Bxg7 Kxg7 18. Ne3 Qc7 19. f4 f5 20. Rfe1 Bc6 21. Nc4
Rfe8 22. a4 Rbd8 23. Qf2 Ba8 24. Rab1 Rb8 25. e5 Rxb1 26. Rxb1 d5 27. Nd6 Rf8
28. Nb5 Qb6 29. a5 Qxa5 30. Qxc5 Qb6 31. Qxb6 axb6 32. Nc7 Rc8 33. Nxa8 Rxa8
34. Rxb6 Kf7 35. c4 dxc4 36. Bxa8 1-0

[Event "4NCL/Div3/SWD2 vs. SLOS3"]
[Site "Sunningdale ENG"]
[Date "2008.05.04"]
[Round "10.2"]
[White "Varnam, Liam D"]
[Black "Trevelyan, John"]
[Result "1/2-1/2"]
[WhiteElo "2053"]
[BlackElo "2181"]
[PlyCount "83"]
[EventDate "2008.05.04"]
[EventType "team"]
[EventRounds "11"]
[EventCountry "ENG"]
[SourceDate "2007.09.15"]

1. e4 d6 2. d4 e5 3. Nf3 Nc6 4. Bb5 Bd7 5. O-O Nf6 6. Re1 Nxd4 7. Nxd4 exd4 8.
Bxd7+ Qxd7 9. Qxd4 Be7 10. c4 O-O 11. Nc3 Rfe8 12. h3 Qe6 13. f4 c6 14. Bd2 Bd8
15. Kh2 Bb6 16. Qd3 Rad8 17. a4 Nd7 18. b3 Nc5 19. Qc2 Ba5 20. Nb1 Bc7 21. Nc3
a5 22. Re2 g5 23. g3 g4 24. f5 Qf6 25. hxg4 d5 26. g5 Qg7 27. cxd5 cxd5 28.
Rae1 dxe4 29. Nxe4 Nxe4 30. Rxe4 Rxe4 31. Rxe4 f6 32. Qc4+ Qf7 33. Be3 Qxc4 34.
Rxc4 Be5 35. gxf6 Kf7 36. Bf4 Bxf4 37. Rxf4 Kxf6 38. Kh3 Kg5 39. b4 axb4 40.
Rxb4 Rd7 41. Rb5 Rc7 42. Rd5 1/2-1/2